Výhody a nevýhody zavedenia Eura a predikcia ďalšieho vývoja eurozóny bakalárska práca

Salvato in:
Dettagli Bibliografici
Autore principale: Jaklovská, Nina
Ente Autore: Národohospodárska fakulta EU. Katedra bankovníctva a medzinárodných financií
Altri autori: Šturc, Boris, 1961-
Natura: Libro
Lingua:slovacco
Pubblicazione: Bratislava 2019
Tags: Aggiungi Tag
Nessun Tag, puoi essere il primo ad aggiungerne!!

MARC

LEADER 00000nbm a2200000 4500
001 0256592
005 20190729122251.3
041 0 |a slo 
044 |a SK 
245 1 0 |a Výhody a nevýhody zavedenia Eura a predikcia ďalšieho vývoja eurozóny  |b bakalárska práca  |c Nina Jaklovská ; školiteľ: Boris Šturc 
264 1 |a Bratislava  |c 2019 
300 |a 38 s. 
100 1 |a Jaklovská, Nina 
700 1 |a Šturc, Boris, 1961- 
710 2 |a Národohospodárska fakulta EU. Katedra bankovníctva a medzinárodných financií